[Event "Guernsey Holiday"]
[Site "Guernsey"]
[Date "2009.10.21"]
[Round "4"]
[White "Onwezen, Eric"]
[Black "Kearsley, Raymond J"]
[Result "1-0"]
[WhiteElo "1622"]
[BlackElo "1762"]
[PlyCount "49"]
[EventDate "2009.10.18"]
[SourceDate "2009.11.17"]

1. e4 c5 2. f4 d5 3. Nc3 d4 4. Nce2 Nf6 5. Ng3 Nc6 6. Nf3 g6 7. Bc4 Bg7 8. a3
O-O 9. d3 Bg4 10. h3 Bxf3 11. Qxf3 e6 12. Bd2 a6 13. h4 h5 14. Nf1 Ng4 15. Rh3
Kh7 16. Nh2 Nxh2 17. Rxh2 Qd7 18. g4 hxg4 19. Qxg4 f5 20. Qh3 Rh8 21. e5 Kg8
22. Qg2 Rh5 23. O-O-O b5 24. Ba2 Ne7 25. Qxa8+ 1-0

[Event "Guernsey Holiday"]
[Site "Guernsey"]
[Date "2009.10.21"]
[Round "4"]
[White "Harnden, Terry"]
[Black "Roberts, Malcolm A"]
[Result "0-1"]
[WhiteElo "1442"]
[BlackElo "1754"]
[PlyCount "56"]
[EventDate "2009.10.18"]
[SourceDate "2009.11.17"]

1. e4 e6 2. d4 d5 3. e5 c5 4. c3 Nc6 5. Be3 cxd4 6. cxd4 Bb4+ 7. Nc3 Nge7 8.
Bd3 Bd7 9. a3 Bxc3+ 10. bxc3 Rc8 11. Ne2 Ng6 12. Bxg6 hxg6 13. Qd2 Na5 14. Rb1
Nc4 15. Qc1 b5 16. Nf4 Qa5 17. Ra1 Nxe3 18. Qxe3 Qxc3+ 19. Qxc3 Rxc3 20. O-O
Ke7 21. Rfc1 Rhc8 22. Ne2 Rc2 23. Kf1 a5 24. Ke1 b4 25. axb4 axb4 26. Kd1 b3
27. Rab1 Ba4 28. g3 b2 0-1

[Event "Guernsey Holiday"]
[Site "Guernsey"]
[Date "2009.10.21"]
[Round "4"]
[White "Kaye, Michael J"]
[Black "Nalichowski, Bogdan"]
[Result "1/2-1/2"]
[WhiteElo "1522"]
[BlackElo "1615"]
[PlyCount "183"]
[EventDate "2009.10.18"]
[SourceDate "2009.11.17"]

1. d4 d5 2. e3 Nc6 3. c3 Nf6 4. Bd3 e5 5. dxe5 Nxe5 6. Be2 Bc5 7. Nf3 Nxf3+ 8.
Bxf3 c6 9. Nd2 Qc7 10. Nb3 Bd6 11. Qc2 b5 12. Nd4 Bxh2 13. g3 Bxg3 14. fxg3
Qxg3+ 15. Qf2 Qxf2+ 16. Kxf2 Bd7 17. Bd2 g6 18. Rae1 O-O-O 19. Nb3 h5 20. Nc5
Bf5 21. Re2 Rde8 22. a4 bxa4 23. Nxa4 h4 24. Nc5 g5 25. e4 dxe4 26. Bxg5 Ng4+
27. Bxg4 Bxg4 28. Re3 Rh5 29. Nxe4 Rxe4 30. Rxe4 Rxg5 31. Rxh4 Be6 32. Ra4 Rf5+
33. Ke3 Kb7 34. Ra3 Rb5 35. b4 a6 36. Ra4 Re5+ 37. Re4 Rh5 38. Kd4 Rd5+ 39. Ke3
Rd1 40. Rd4 Rxd4 41. Kxd4 Kb6 42. c4 f5 43. Ra5 f4 44. Re5 Bg4 45. Re4 Bd1 46.
Rxf4 a5 47. b5 cxb5 48. Rf6+ Kb7 49. cxb5 a4 50. Ra6 Bc2 51. Kc5 Bd1 52. Ra5
Bc2 53. b6 Bd1 54. Ra7+ Kb8 55. Re7 Bf3 56. Ra7 Bd1 57. Rf7 Bb3 58. Rf3 Bc2 59.
Rf7 Bb3 60. Rf3 Kb7 61. Rd3 Be6 62. Rd6 Bg4 63. Rc6 Bf3 64. Rc7+ Kb8 65. Ra7
Bd1 66. Kd6 Bb3 67. Kc6 Bc2 68. Rc7 Be4+ 69. Kd7 Bf5+ 70. Kd8 Bg4 71. Rc4 Bd1
72. Rc7 Bf3 73. Ra7 Bd1 74. Kd7 Be2 75. Kc6 Bf3+ 76. Kb5 Bd1 77. Rxa4 Bh5 78.
Rf4 Kb7 79. Rh4 Be2+ 80. Kc5 Bd3 81. Rd4 Bf5 82. Rf4 Bg6 83. Rf6 Be8 84. Re6
Bh5 85. Re7+ Kb8 86. Rd7 Bg4 87. Re7 Bh3 88. Kd6 Bg2 89. Ra7 Bh1 90. Kd7 Bg2
91. Rc7 Bf3 92. Kd8 1/2-1/2

[Event "Guernsey Holiday"]
[Site "Guernsey"]
[Date "2009.10.21"]
[Round "4"]
[White "Bakkes, Frits"]
[Black "Bateman, Kerry"]
[Result "1-0"]
[WhiteElo "1548"]
[BlackElo "1400"]
[PlyCount "39"]
[EventDate "2009.10.18"]
[SourceDate "2009.11.17"]

1. d4 Nf6 2. Nc3 g6 3. e4 d6 4. Nf3 Bg4 5. h3 Bxf3 6. Qxf3 Bg7 7. e5 Nfd7 8.
Qxb7 Nb6 9. Nb5 O-O 10. Nxc7 N8d7 11. Nxa8 Qxa8 12. Qxa8 Rxa8 13. exd6 Bxd4 14.
c3 Bg7 15. dxe7 Re8 16. Be3 Rxe7 17. O-O-O Be5 18. Bb5 Nf6 19. Bh6 Nbd7 20.
Rhe1 1-0

[Event "Guernsey Holiday"]
[Site "Guernsey"]
[Date "2009.10.21"]
[Round "4"]
[White "Haddock, Paul"]
[Black "Van Beek, Ronald"]
[Result "1-0"]
[WhiteElo "1522"]
[BlackElo "1374"]
[PlyCount "59"]
[EventDate "2009.10.18"]
[SourceDate "2009.11.17"]

1. e4 e5 2. f4 exf4 3. Nf3 Nc6 4. d4 d5 5. e5 g6 6. Bxf4 Bg7 7. Bb5 Bd7 8. Nc3
Nge7 9. O-O O-O 10. Qd2 a6 11. Bxc6 Bxc6 12. Rae1 Bd7 13. Bh6 Be6 14. Bxg7 Kxg7
15. Qf2 b6 16. h3 Rc8 17. Ng5 Nf5 18. h4 h6 19. Nf3 c5 20. g4 Nxd4 21. Nxd4
cxd4 22. Qf6+ Kh7 23. Qxd8 Rcxd8 24. Ne2 Bxg4 25. Nxd4 Bd7 26. Rf6 Kg7 27. Rxb6
Rb8 28. e6 Rfe8 29. Rxb8 fxe6 30. Rxe8 1-0

[Event "Guernsey Holiday"]
[Site "Guernsey"]
[Date "2009.10.21"]
[Round "4"]
[White "Finch, Russell"]
[Black "Newrick, William R"]
[Result "1-0"]
[WhiteElo "1485"]
[BlackElo "1347"]
[PlyCount "45"]
[EventDate "2009.10.18"]
[SourceDate "2009.11.17"]

1. d4 d5 2. e3 e6 3. Bd3 Nf6 4. Nd2 c5 5. c3 cxd4 6. cxd4 Bd6 7. Ngf3 O-O 8.
O-O Nc6 9. Re1 e5 10. dxe5 Nxe5 11. Nxe5 Bxe5 12. Nf3 Bg4 13. h3 Bxf3 14. Qxf3
Qc7 15. Rb1 Rfe8 16. Bd2 Ne4 17. Re2 Qd6 18. g3 Re6 19. Be1 Rh6 20. Qg2 Rf6 21.
f4 Nxg3 22. Bxg3 d4 23. fxe5 1-0

[Event "Guernsey Holiday"]
[Site "Guernsey"]
[Date "2009.10.21"]
[Round "4"]
[White "Le Maitre, Richard"]
[Black "Carrick, Peter"]
[Result "1-0"]
[WhiteElo "1219"]
[BlackElo "1522"]
[PlyCount "149"]
[EventDate "2009.10.18"]
[SourceDate "2009.11.17"]

1. Nf3 d5 2. g3 Nf6 3. Bg2 Bf5 4. d3 Nbd7 5. O-O c6 6. c3 e6 7. Na3 Be7 8. Nc2
h6 9. Bd2 Qc7 10. Bf4 Bd6 11. Bxd6 Qxd6 12. Re1 O-O 13. Ncd4 Bh7 14. Qb3 Qc7
15. Rac1 e5 16. Nc2 Rfe8 17. Na3 Rab8 18. Qd1 Rbd8 19. Nd2 Qb6 20. Qb3 Qc7 21.
e4 Nc5 22. Qc2 dxe4 23. dxe4 Nd3 24. Nac4 Nxe1 25. Rxe1 Qe7 26. Nf3 Nd7 27. Bh3
f6 28. Rd1 Nc5 29. Rxd8 Rxd8 30. Bf5 Bxf5 31. exf5 Qd7 32. Qd2 Qc8 33. Qc2 Rd7
34. b4 Nd3 35. Qb3 Kh8 36. Ne3 Qg8 37. c4 e4 38. Nh4 Ne5 39. Qc2 Rd4 40. Qe2
Qf7 41. Kg2 Kh7 42. a3 Nd7 43. Ng6 Kg8 44. Nf4 Ne5 45. Ne6 Rd3 46. a4 Nf3 47.
Nf1 Ne5 48. Qxe4 Qh5 49. Ne3 Qe2 50. Nf4 Rxe3 51. Qxe3 Qxe3 52. fxe3 Nxc4 53.
Kf3 Kf7 54. Ke4 Nd6+ 55. Kd3 Nxf5 56. Ke4 Nd6+ 57. Kd4 b6 58. g4 f5 59. gxf5
Nxf5+ 60. Ke4 Nd6+ 61. Kd4 Kf6 62. e4 Kg5 63. Ne6+ Kg6 64. Nf4+ Kf7 65. e5 Nf5+
66. Ke4 g5 67. Kxf5 gxf4 68. Kxf4 Ke6 69. h4 a5 70. bxa5 bxa5 71. h5 c5 72. Ke4
c4 73. Kd4 c3 74. Kxc3 Kxe5 75. Kc4 1-0

[Event "Guernsey Holiday"]
[Site "Guernsey"]
[Date "2009.10.21"]
[Round "4"]
[White "Cox, Marian"]
[Black "Bennett, David"]
[Result "1-0"]
[WhiteElo "1434"]
[BlackElo "1410"]
[PlyCount "67"]
[EventDate "2009.10.18"]
[SourceDate "2009.11.17"]

1. e4 e6 2. Nc3 d5 3. exd5 exd5 4. d4 Nf6 5. a3 c5 6. Bg5 Nbd7 7. Nxd5 Qa5+ 8.
Bd2 Qa4 9. Nc7+ Kd8 10. Nxa8 Qxd4 11. c3 Qe5+ 12. Qe2 Qb8 13. g3 Qxa8 14. Bg2
Bd6 15. O-O-O Re8 16. Qd3 Qb8 17. Bg5 Be7 18. Bxf6 Bxf6 19. Nf3 g6 20. Qd6 Qxd6
21. Rxd6 Kc7 22. Rdd1 Nb6 23. Rhe1 Rh8 24. Nd2 Bg5 25. f4 Bh6 26. Re7+ Kb8 27.
Rxf7 a6 28. Nb3 Bf8 29. Rd8 Bh6 30. Rxh8 Ka7 31. Nxc5 a5 32. Bxb7 Kb8 33. Na6+
Ka7 34. Bxc8+ 1-0

[Event "Guernsey Holiday"]
[Site "Guernsey"]
[Date "2009.10.21"]
[Round "4"]
[White "Herschmann, Heinz"]
[Black "Cox, Reginald E"]
[Result "1/2-1/2"]
[WhiteElo "1562"]
[BlackElo "1402"]
[PlyCount "83"]
[EventDate "2009.10.18"]
[SourceDate "2009.11.17"]

1. e4 c5 2. Nf3 Nc6 3. d4 cxd4 4. Nxd4 Nf6 5. Nxc6 bxc6 6. Bd3 e5 7. O-O Be7 8.
Be3 O-O 9. f3 d6 10. Nd2 d5 11. exd5 cxd5 12. Nb3 d4 13. Bd2 a5 14. Re1 a4 15.
Nc1 Bd6 16. Be4 Nxe4 17. fxe4 Qb6 18. Nd3 Ba6 19. b3 Bxd3 20. cxd3 Qa6 21. Qb1
Rfb8 22. b4 Rb7 23. a3 Rc7 24. Rd1 Rac8 25. Rc1 Rxc1+ 26. Bxc1 Rc3 27. b5 Qb6
28. Bd2 Rb3 29. Qc2 Qxb5 30. Qc8+ Bf8 31. Bb4 Rxb4 32. axb4 Qxb4 33. Qc4 a3 34.
Qxb4 Bxb4 35. Kf2 f6 36. Ke2 g5 37. Kd1 h5 38. Kc2 Kf7 39. Kb3 Bd6 40. h3 Kg6
41. Rf1 Be7 42. g4 1/2-1/2

[Event "Guernsey Holiday"]
[Site "Guernsey"]
[Date "2009.10.22"]
[Round "5"]
[White "Hoogakker, Peter"]
[Black "Gibson, John"]
[Result "1/2-1/2"]
[WhiteElo "1773"]
[BlackElo "1750"]
[PlyCount "59"]
[EventDate "2009.10.18"]
[SourceDate "2009.11.17"]

1. e4 d6 2. d4 Nf6 3. Nc3 g6 4. Be2 Bg7 5. h4 h5 6. Nh3 c6 7. Ng5 b5 8. Bf3 Nh7
9. Nxh7 Rxh7 10. Bf4 Qb6 11. Ne2 Nd7 12. c3 Nf6 13. e5 dxe5 14. Bxe5 Ng4 15.
Bxg7 Rxg7 16. Nf4 Bf5 17. Qe2 Qc7 18. g3 Rd8 19. O-O Kf8 20. Rfe1 e6 21. Bxg4
Bxg4 22. Qe5 Qxe5 23. Rxe5 Bf3 24. Rae1 Kg8 25. Nd3 Bd5 26. Nc5 Kh7 27. Ne4
Bxe4 28. R1xe4 Rd5 29. Re1 Rg8 30. R1e4 1/2-1/2

[Event "Guernsey Holiday"]
[Site "Guernsey"]
[Date "2009.10.22"]
[Round "5"]
[White "Glover, John"]
[Black "Noordijk, Evert"]
[Result "1/2-1/2"]
[WhiteElo "1802"]
[BlackElo "1767"]
[PlyCount "94"]
[EventDate "2009.10.18"]
[SourceDate "2009.11.17"]

1. Nf3 Nf6 2. c4 d6 3. g3 Nbd7 4. Nc3 c6 5. d4 e5 6. e4 Be7 7. Bg2 h6 8. h3 Qc7
9. Be3 a6 10. Rc1 Qa5 11. O-O g5 12. Qa4 Qxa4 13. Nxa4 O-O 14. dxe5 dxe5 15.
Nb6 Nxb6 16. Bxb6 Nd7 17. Be3 f6 18. Rfd1 Nc5 19. Ne1 Be6 20. b3 Rfd8 21. f3
Kf7 22. Bf1 a5 23. Kf2 Rd7 24. Rxd7 Bxd7 25. Rd1 Be6 26. Be2 Na6 27. Nd3 Nb4
28. a4 Na6 29. f4 exf4 30. gxf4 f5 31. Bh5+ Kg8 32. e5 Nb4 33. Nxb4 axb4 34.
Kg3 b5 35. cxb5 cxb5 36. axb5 Bxb3 37. Rd7 Kf8 38. fxg5 hxg5 39. Bd2 f4+ 40.
Kg2 Be6 41. Rxe7 Kxe7 42. Bxb4+ Kd7 43. Bf3 Ra2+ 44. Kg1 Rb2 45. Bc6+ Kc8 46.
Be7 Bxh3 47. Bxg5 f3 1/2-1/2

[Event "Guernsey Holiday"]
[Site "Guernsey"]
[Date "2009.10.22"]
[Round "5"]
[White "Wallace, Mitchel"]
[Black "Veelenturf, Wim"]
[Result "1/2-1/2"]
[WhiteElo "1690"]
[BlackElo "1756"]
[PlyCount "67"]
[EventDate "2009.10.18"]
[SourceDate "2009.11.17"]

1. e4 e5 2. Nc3 Nf6 3. f4 d6 4. Nf3 Bg4 5. d3 Nc6 6. fxe5 dxe5 7. Be3 Bb4 8.
Be2 Bxf3 9. Bxf3 Nd4 10. O-O Bc5 11. Kh1 Ne6 12. Nd5 Bxe3 13. Nxe3 c6 14. Nc4
Qc7 15. Bg4 Nf4 16. g3 Ng6 17. Bf5 b5 18. Ne3 O-O 19. Qd2 Rad8 20. a4 a6 21.
axb5 axb5 22. Ra6 Ra8 23. Rfa1 Rxa6 24. Rxa6 Nd7 25. Qc3 Nb8 26. Ra1 Qd6 {(=)}
27. Ra7 Ne7 28. Bh3 Qh6 29. Nf5 Nxf5 30. Bxf5 Qe3 31. Re7 Qf3+ 32. Kg1 Qe3+ 33.
Kg2 Qe2+ 34. Kg1 1/2-1/2

[Event "Guernsey Holiday"]
[Site "Guernsey"]
[Date "2009.10.22"]
[Round "5"]
[White "Williams, Peter D"]
[Black "Foster, Paul"]
[Result "1-0"]
[WhiteElo "1690"]
[BlackElo "1738"]
[PlyCount "45"]
[EventDate "2009.10.18"]
[SourceDate "2009.11.17"]

1. e4 c6 2. d4 d5 3. exd5 Qxd5 4. c4 Qa5+ 5. Bd2 Qc7 6. Bc3 Bf5 7. Nf3 Nd7 8.
Bd3 Bxd3 9. Qxd3 Ngf6 10. O-O e6 11. Nbd2 O-O-O 12. Qc2 h5 13. b4 h4 14. b5
cxb5 15. cxb5 Bd6 16. Rfc1 Kb8 17. Qb3 Bf4 18. Bb4 Qb6 19. Nc4 Nc5 20. Bxc5 Qc7
21. b6 Qc6 22. bxa7+ Ka8 23. Nb6+ 1-0

[Event "Guernsey Holiday"]
[Site "Guernsey"]
[Date "2009.10.22"]
[Round "5"]
[White "Oxener, Aldo"]
[Black "Baart, Edwin"]
[Result "1/2-1/2"]
[WhiteElo "1566"]
[BlackElo "1704"]
[PlyCount "76"]
[EventDate "2009.10.18"]
[SourceDate "2009.11.17"]

1. Nf3 d5 2. d4 Nf6 3. c4 e6 4. Nc3 c6 5. Bg5 Be7 6. e3 Nbd7 7. cxd5 Nxd5 8.
Nxd5 exd5 9. Bxe7 Qxe7 10. Bd3 Nf6 11. h3 O-O 12. O-O Ne4 13. Qc2 f5 14. Rae1
g5 15. Ne5 h5 16. Ng6 Qf6 17. Nxf8 Kxf8 18. Bxe4 dxe4 19. f3 exf3 20. Rxf3 g4
21. hxg4 hxg4 22. Rf4 Kg7 23. g3 Be6 24. Re2 Rh8 25. e4 Qxd4+ 26. Kg2 Rd8 27.
Qc3 Qxc3 28. bxc3 Rd3 29. exf5 Bd5+ 30. Kf2 Kf6 31. c4 Bf3 32. Rb2 Rd7 33. Ke3
c5 34. Rh2 Rd1 35. Rh6+ Kf7 36. Rh7+ Kf6 37. Rxb7 Bxb7 38. Rxg4 Kxf5 1/2-1/2

[Event "Guernsey Holiday"]
[Site "Guernsey"]
[Date "2009.10.22"]
[Round "5"]
[White "Beadle, John"]
[Black "Norman, Dinah M"]
[Result "1/2-1/2"]
[WhiteElo "1650"]
[BlackElo "1834"]
[PlyCount "33"]
[EventDate "2009.10.18"]
[SourceDate "2009.11.17"]

1. e4 c6 2. d4 d5 3. exd5 cxd5 4. Bd3 Nc6 5. c3 Nf6 6. Nf3 Bg4 7. Nbd2 Bh5 8.
O-O e6 9. Qc2 Bg6 10. Ne5 Bxd3 11. Qxd3 Be7 12. Ndf3 Nxe5 13. Nxe5 O-O 14. Be3
a6 15. a4 Rc8 16. Rfe1 Re8 17. Rac1 1/2-1/2

[Event "Guernsey Holiday"]
[Site "Guernsey"]
[Date "2009.10.22"]
[Round "5"]
[White "Kershaw, Graham J"]
[Black "Onwezen, Eric"]
[Result "1/2-1/2"]
[WhiteElo "1826"]
[BlackElo "1622"]
[PlyCount "68"]
[EventDate "2009.10.18"]
[SourceDate "2009.11.17"]

1. e4 e5 2. Nf3 Nc6 3. Bb5 a6 4. Ba4 Nf6 5. O-O b5 6. Bb3 Be7 7. Re1 O-O 8. d3
d6 9. Nbd2 Bg4 10. c3 Na5 11. Bc2 c5 12. Nf1 Nc6 13. h3 Bh5 14. Ng3 Bg6 15. d4
Qc7 16. d5 Na5 17. Bg5 Nh5 18. Bc1 Nxg3 19. fxg3 f5 20. Ng5 Bxg5 21. Bxg5 fxe4
22. Bxe4 Bxe4 23. Rxe4 Qf7 24. Rg4 Qf2+ 25. Kh2 Qxb2 26. Bh6 Rf2 27. Qg1 Ra7
28. Rf1 Rff7 29. Rxf7 Rxf7 30. Qe3 Rf2 31. Rxg7+ Kh8 32. Qe4 Qc2 33. Rxh7+ Kg8
34. Rg7+ Kh8 (34... Kh8 35. Rg8+ Kxg8 36. Qg4+ Kf7 37. Qe6# {(AFB)}) 1/2-1/2

[Event "Guernsey Holiday"]
[Site "Guernsey"]
[Date "2009.10.22"]
[Round "5"]
[White "Haisma, Henk"]
[Black "Spierings, John"]
[Result "1-0"]
[WhiteElo "1639"]
[BlackElo "1822"]
[PlyCount "55"]
[EventDate "2009.10.18"]
[SourceDate "2009.11.17"]

1. b4 f5 2. Bb2 Nf6 3. e3 g6 4. Nf3 Bg7 5. d4 c6 6. Be2 O-O 7. O-O Na6 8. a3
Nc7 9. c4 d6 10. Nc3 h6 11. Qc2 Qe8 12. a4 Qf7 13. b5 Bd7 14. Rfd1 Rae8 15. Ba3
Ne6 16. Rab1 Ng5 17. Nxg5 hxg5 18. bxc6 bxc6 19. Rb7 c5 20. dxc5 Ne4 21. Nxe4
fxe4 22. Rf1 Bc8 23. Rxa7 Be5 24. cxd6 Qh7 25. g3 Bf5 26. Rxe7 Qh3 27. c5 Rxe7
28. dxe7 1-0

[Event "Guernsey Holiday"]
[Site "Guernsey"]
[Date "2009.10.22"]
[Round "5"]
[White "Van Hoek, Wim"]
[Black "Smith, DWF."]
[Result "1/2-1/2"]
[WhiteElo "1743"]
[BlackElo "1532"]
[PlyCount "60"]
[EventDate "2009.10.18"]
[SourceDate "2009.11.17"]

1. e4 d5 2. exd5 Nf6 3. Bb5+ Bd7 4. Be2 Bf5 5. d4 Qxd5 6. Nf3 e6 7. c4 Qd6 8.
Nc3 c6 9. O-O Be7 10. h3 O-O 11. Be3 Qc7 12. Nh4 Be4 13. Nxe4 Nxe4 14. Nf3 Nd7
15. Qc2 Nef6 16. Rad1 Rfd8 17. b3 Rac8 18. Qb2 c5 19. Ne5 Bd6 20. Nxd7 Rxd7 21.
dxc5 Bxc5 22. Bxc5 Qxc5 23. Rxd7 Nxd7 24. Rd1 Ne5 25. Qd2 Qc7 26. Qe3 b6 27.
Qd4 h6 28. Qd6 Qc5 29. Qxc5 bxc5 30. Bf3 Kf8 1/2-1/2

[Event "Guernsey Holiday"]
[Site "Guernsey"]
[Date "2009.10.22"]
[Round "5"]
[White "O'Connor, Jonathan"]
[Black "Kok, Franciscus"]
[Result "1-0"]
[WhiteElo "1675"]
[BlackElo "1603"]
[PlyCount "71"]
[EventDate "2009.10.18"]
[SourceDate "2009.11.17"]

1. e4 c5 2. d4 cxd4 3. c3 dxc3 4. Bc4 e6 5. Nxc3 a6 6. a3 Be7 7. Nf3 Nc6 8. O-O
h6 9. Qe2 b5 10. Ba2 d6 11. Rd1 Qc7 12. Bf4 Bb7 13. Rac1 e5 14. Nd5 Qb8 15. Bg3
Nf6 16. Rc3 Qd8 17. Nxe5 Nxe5 18. Bxe5 Bxd5 19. Bxd5 Rc8 20. Bc6+ Kf8 21. Bg3
Qb6 22. Rdc1 g6 23. e5 dxe5 24. Bxe5 Rg8 25. Qf3 Nh7 26. Qg4 f5 27. Qh3 Bg5 28.
R1c2 h5 29. Bd5 Rd8 30. Rc8 Nf6 31. Bxg8 Kxg8 32. Qb3+ Kg7 33. R2c7+ Kh6 34.
Rxd8 Bh4 35. Bf4+ g5 36. Rh8+ 1-0

[Event "Guernsey Holiday"]
[Site "Guernsey"]
[Date "2009.10.22"]
[Round "5"]
[White "Bakkes, Frits"]
[Black "Ruigrok, Jacques"]
[Result "0-1"]
[WhiteElo "1548"]
[BlackElo "1794"]
[PlyCount "71"]
[EventDate "2009.10.18"]
[SourceDate "2009.11.17"]

1. d4 Nf6 2. Nc3 d5 3. e4 dxe4 4. f3 e3 5. Bxe3 e6 6. Nge2 Be7 7. Ng3 Nd5 8.
Bf2 O-O 9. Bd3 Nd7 10. Nge4 Nf4 11. Bf1 c6 12. Bg3 Nd5 13. Qd2 N7f6 14. Bd3 Qb6
15. Nxd5 exd5 16. Nxf6+ Bxf6 17. c3 Re8+ 18. Kd1 c5 19. dxc5 Qxc5 20. Bf2 Qc6
21. Kc2 Bd7 22. Rae1 Be6 23. Kb1 a6 24. g4 d4 25. cxd4 Qxf3 26. h3 Rad8 27. Be4
Bxa2+ 28. Kxa2 Rxe4 29. Rxe4 Qxe4 30. Re1 Qd5+ 31. Kb1 h6 32. h4 Qg2 33. Rg1
Qh2 34. g5 hxg5 35. hxg5 Bxd4 36. Rd1 0-1

[Event "Guernsey Holiday"]
[Site "Guernsey"]
[Date "2009.10.22"]
[Round "5"]
[White "Roberts, Malcolm A"]
[Black "Haddock, Paul"]
[Result "0-1"]
[WhiteElo "1754"]
[BlackElo "1522"]
[PlyCount "60"]
[EventDate "2009.10.18"]
[SourceDate "2009.11.17"]

1. e4 d5 2. exd5 Qxd5 3. Nc3 Qa5 4. Nf3 Nf6 5. d4 Bf5 6. Bd2 c6 7. Be2 Qc7 8.
g3 e6 9. Nh4 Bg6 10. Bf3 Qb6 11. Nxg6 hxg6 12. Ne2 Nbd7 13. Bc3 Nd5 14. Rb1
O-O-O 15. a4 Bb4 16. Qd2 Nxc3 17. Nxc3 Ne5 18. Be2 Rxd4 19. Qe3 Bxc3+ 20. Qxc3
Rhd8 21. O-O Qb4 22. Qe3 Re4 23. Qxa7 Rxe2 24. Qa8+ Kc7 25. Qa7 Nf3+ 26. Kh1
Nxh2 27. Kxh2 Rh8+ 28. Kg1 Qe4 29. Qa5+ Kb8 30. f3 Qe3+ 0-1

[Event "Guernsey Holiday"]
[Site "Guernsey"]
[Date "2009.10.22"]
[Round "5"]
[White "Spicer, Jonathan"]
[Black "Van Rossum, Pia"]
[Result "0-1"]
[WhiteElo "1526"]
[BlackElo "1661"]
[PlyCount "38"]
[EventDate "2009.10.18"]
[SourceDate "2009.11.17"]

1. e4 e5 2. Nf3 Nc6 3. Bc4 Nf6 4. Ng5 Nxe4 5. Nxf7 Qh4 6. O-O Bc5 7. Nxh8 Nxf2
8. Rxf2 Bxf2+ 9. Kf1 Qxc4+ 10. Kxf2 Qf4+ 11. Kg1 d6 12. Qh5+ g6 13. Nxg6 hxg6
14. Qxg6+ Kf8 15. Na3 Nd4 16. Qd3 Bg4 17. h3 Ne2+ 18. Kh1 Qf1+ 19. Kh2 Qg1# 0-1

[Event "Guernsey Holiday"]
[Site "Guernsey"]
[Date "2009.10.22"]
[Round "5"]
[White "Jongerius, Marc"]
[Black "Le Maitre, Richard"]
[Result "1-0"]
[WhiteElo "1633"]
[BlackElo "1219"]
[PlyCount "83"]
[EventDate "2009.10.18"]
[SourceDate "2009.11.17"]

1. e4 g6 2. d4 Bg7 3. Nf3 d6 4. Bc4 Bg4 5. Bxf7+ Kxf7 6. Ng5+ Ke8 7. Qxg4 Nf6
8. Qe6 Rf8 9. Nxh7 Nxh7 10. Qxg6+ Rf7 11. Qxh7 Bxd4 12. Qg8+ Rf8 13. Qg6+ Kd7
14. Qg4+ e6 15. Rf1 Qf6 16. c3 Bb6 17. Bg5 Qf7 18. Nd2 Nc6 19. Nc4 Rae8 20.
O-O-O Qg7 21. f4 Qg6 22. e5 d5 23. Rxd5+ Kc8 24. h4 Qe4 25. Nxb6+ axb6 26. Rdd1
Qe3+ 27. Kb1 Na5 28. Qf3 Nc4 29. Ka1 Rf5 30. b3 Qxf3 31. Rxf3 Nxe5 32. fxe5
Rxe5 33. Rf7 Rd5 34. Rxd5 exd5 35. Re7 Rf8 36. Re2 Kd7 37. h5 Rg8 38. Bf4 Kc6
39. a4 Rg4 40. g3 Kc5 41. Re7 Kc6 42. Rxc7# 1-0

[Event "Guernsey Holiday"]
[Site "Guernsey"]
[Date "2009.10.22"]
[Round "5"]
[White "Timmerman, Peter"]
[Black "Finch, Russell"]
[Result "1/2-1/2"]
[WhiteElo "1562"]
[BlackElo "1485"]
[PlyCount "40"]
[EventDate "2009.10.18"]
[SourceDate "2009.11.17"]

1. e4 c5 2. Nf3 d6 3. d4 cxd4 4. Nxd4 Nf6 5. Nc3 e6 6. Be2 Be7 7. Be3 O-O 8.
O-O a6 9. f4 Qc7 10. Rc1 Bd7 11. Bf3 Nc6 12. a3 Rab8 13. Qd2 Rfc8 14. Qf2 b5
15. Nce2 Na5 16. b3 d5 17. e5 Ne4 18. Bxe4 dxe4 19. Ra1 Nc6 20. b4 a5 1/2-1/2

[Event "Guernsey Holiday"]
[Site "Guernsey"]
[Date "2009.10.22"]
[Round "5"]
[White "Savage, Neil"]
[Black "Forbes, Garry"]
[Result "1/2-1/2"]
[WhiteElo "1335"]
[BlackElo "1691"]
[PlyCount "40"]
[EventDate "2009.10.18"]
[SourceDate "2009.11.17"]

1. e4 g6 2. d4 Bg7 3. Nf3 d6 4. Bc4 Nf6 5. Nc3 O-O 6. O-O Nxe4 7. Bxf7+ Rxf7 8.
Nxe4 d5 9. Neg5 Rf8 10. Re1 Qd6 11. Ne5 Nc6 12. Ngf3 Bf5 13. Nxc6 Qxc6 14. c3
Bg4 15. Ne5 Bxe5 16. Qxg4 Qf6 17. Re2 h5 18. dxe5 Qa6 19. Qg3 Qxe2 20. Qxg6+
Kh8 1/2-1/2

[Event "Guernsey Holiday"]
[Site "Guernsey"]
[Date "2009.10.22"]
[Round "5"]
[White "Nalichowski, Bogdan"]
[Black "Welch, Hazel"]
[Result "0-1"]
[WhiteElo "1615"]
[BlackElo "1594"]
[PlyCount "66"]
[EventDate "2009.10.18"]
[SourceDate "2009.11.17"]

1. e4 c5 2. Nf3 d6 3. d4 cxd4 4. Nxd4 Nf6 5. Nc3 g6 6. f3 Bg7 7. Nd5 Nxd5 8.
exd5 O-O 9. Bc4 Bd7 10. O-O Na6 11. c3 Nc7 12. Re1 a6 13. a4 Re8 14. Qd3 Rb8
15. Bg5 b5 16. axb5 axb5 17. Bb3 b4 18. Ba4 Nxd5 19. Nc6 Qb6+ 20. Be3 Nxe3 21.
Nxb8 Bxa4 22. Rxa4 Nc2+ 23. Kf1 Nxe1 24. Rxb4 Qxb4 25. Kxe1 Qxb8 26. b4 Qb6 27.
Kd2 Rc8 28. Qe2 Bxc3+ 29. Kd3 Qd4+ 30. Kc2 Bxb4+ 31. Kb1 Qg1+ 32. Ka2 Qc1 33.
Qa6 Qc2+ 0-1

[Event "Guernsey Holiday"]
[Site "Guernsey"]
[Date "2009.10.22"]
[Round "5"]
[White "Kirk, Matthew"]
[Black "Collins, Alan"]
[Result "1-0"]
[WhiteElo "1541"]
[BlackElo "1690"]
[PlyCount "99"]
[EventDate "2009.10.18"]
[SourceDate "2009.11.17"]

1. d4 f5 2. Bg5 d6 3. e3 c6 4. c4 Qc7 5. Nc3 g6 6. Nf3 Bg7 7. Bd3 e5 8. dxe5
dxe5 9. e4 f4 10. Nh4 Nd7 11. O-O Nf8 12. Nf3 Bg4 13. h3 Bxf3 14. Qxf3 Ne6 15.
Bh4 Nh6 16. Be2 Nd4 17. Qd3 O-O 18. c5 Nf7 19. f3 g5 20. Bf2 Rad8 21. Qb1 Nxe2+
22. Nxe2 Rd2 23. Nc3 Rfd8 24. Rd1 Bf8 25. Rxd2 Rxd2 26. b4 a6 27. Qb3 Qd7 28.
Rd1 Rxd1+ 29. Qxd1 Qxd1+ 30. Nxd1 Nd8 31. Nb2 Kf7 32. Nc4 Ke6 33. h4 h6 34.
hxg5 hxg5 35. g3 Be7 36. Kg2 Nf7 37. Na5 Nd8 38. Kh3 Bf6 39. Be1 Kf7 40. Bc3
Kg6 41. gxf4 gxf4 42. Kg4 Bg7 43. Be1 Bf6 44. Bh4 Bxh4 45. Kxh4 Kh6 46. Kg4 Kg6
47. a3 Ne6 48. Nxb7 Nd4 49. Nd8 Nc2 50. Nxc6 1-0

[Event "Guernsey Holiday"]
[Site "Guernsey"]
[Date "2009.10.22"]
[Round "5"]
[White "Cox, Reginald E"]
[Black "Kaye, Michael J"]
[Result "1/2-1/2"]
[WhiteElo "1402"]
[BlackElo "1522"]
[PlyCount "103"]
[EventDate "2009.10.18"]
[SourceDate "2009.11.17"]

1. e4 d6 2. d4 g6 3. Nf3 Bg7 4. Nc3 Nf6 5. Be2 O-O 6. O-O Nbd7 7. Bd2 a6 8. Qc1
Re8 9. Bh6 Bh8 10. h3 Nh5 11. Rd1 b5 12. b4 Bb7 13. Ng5 Ng7 14. Qf4 Rf8 15. Bg4
Nf6 16. Bf3 Nd7 17. Bg4 e6 18. e5 f5 19. Bf3 Bxf3 20. Qxf3 Qe7 21. Re1 d5 22.
a3 Rfc8 23. Ne2 Ne8 24. Nf4 Bg7 25. Bxg7 Nxg7 26. Qg3 Nf8 27. c3 c6 28. Nf3 Ra7
29. Qg5 Qxg5 30. Nxg5 h6 31. Nf3 g5 32. Nd3 Nd7 33. Nd2 Nb6 34. Nc5 Kf7 35. g3
Rb8 36. Kg2 Nd7 37. Nxd7 Rxd7 38. Nb3 Ra8 39. Nc5 Rda7 40. Nb3 Ke7 41. Ra2 Rf8
42. Na5 Kd7 43. Nb3 f4 44. Nc5+ Kc7 45. g4 a5 46. Rea1 a4 47. f3 Kb6 48. Rh1
Re7 49. Kf2 Ne8 50. Ke1 Nc7 51. Rah2 Na6 52. Nxa6 1/2-1/2